| 000 | 01480nam0a2200313 4500 | ||
|---|---|---|---|
| 001 | RU\NLR\bibl\1467301 | ||
| 005 | 20260407181210.0 | ||
| 010 |
_a978-5-903258-08-6 _9300 |
||
| 021 |
_aRU _b2009-98626 _96268 |
||
| 035 | _a(nilc)RSL-KNO-004424219 | ||
| 035 | _a(NLR Aleph) 001459025 | ||
| 090 |
_a1571389 _c1571389 |
||
| 100 | _a20091210d2009 |||y0rusy50 ca | ||
| 101 | 0 | _arus | |
| 102 | _aRU | ||
| 105 | _aa ||||||||| | ||
| 200 | 1 |
_aКамчатский филиал Геофизической службы РАН, 1979-2009 _fРоссийская акад. наук, Геофизическая служба |
|
| 210 |
_aПетропавловск-Камчатский _cУчреждение Российской акад. наук Геофизическая служба РАН, Камчатский фил. _d2009 |
||
| 215 |
_a[72] с. _cил., цв. ил., карт., портр., табл. _d30 |
||
| 601 | 0 | 2 |
_aРоссийская академия наук _bГеофизическая служба _bКамчатский филиал _92612401 _3RU\NLR\auth\661548959 |
| 686 |
_aД217е(2)л5,0 _2rubbk |
||
| 686 | _aД2е(2)л1 | ||
| 712 | 0 | 2 |
_4570 _aРоссийская академия наук _bГеофизическая служба _bКамчатский филиал _3RU\NLR\AUTH\8810115840 _9730960 |
| 801 | 0 |
_aRU _bРГБ _c20091210 _grcr |
|
| 801 | 1 |
_aRU _bРГБ _c20091210 |
|
| 801 | 2 |
_aRU _bNLR _c20100201 _grcr |
|
| 942 | _cBOOK | ||
| 980 | _aNB | ||